| 000 | 00923nam a2200205Ii 4500 | ||
|---|---|---|---|
| 003 | JO-AjNU | ||
| 008 | 230605s9999||||xx |||||||||||||| ||und|| | ||
| 040 |
_aJO-AjNU _bara _erda _cJO-AjNU |
||
| 041 | _aara | ||
| 050 | 1 | 4 | _aGV716.S52 2006 |
| 100 | 3 |
_aالشافعي، حسن أحمد, _eauthor _932002 |
|
| 245 | 0 | 0 | _aالموسوعة الاقتصادية لاقتصاديات الرياضة: الاستثمار والتسويق في التربية البدنية = SPORT ECONOMICES INVESTMENT, MARKETING PHYICAL EDUCTION AND SPORT |
| 250 | _aط1 | ||
| 264 | 3 | 1 | _aالاسكندرية: دار الوفاء لدنيا الطباعة والنشر، 2006 |
| 300 |
_a369ص _bيشتمل على جداول |
||
| 336 |
_atext _btxt _2rdacontent |
||
| 337 |
_aunmediated _bn _2rdamedia |
||
| 338 |
_avolume _bnc _2rdacarrier |
||
| 650 | 4 |
_aالتربية البدنية - التربية الرياضية - التسويق _932003 |
|
| 999 |
_aA12867 _c16435 _d16435 |
||